| 000 | 00601nam a2200217Ia 4500 | ||
|---|---|---|---|
| 003 | OSt | ||
| 005 | 20220926012542.0 | ||
| 006 | a|||||r|||| 00| 0 | ||
| 007 | ta | ||
| 008 | 220923b |||||||| |||| 00| 0 eng d | ||
| 037 | _cGeneral Book | ||
| 040 |
_aRTL _cRTL _beng |
||
| 041 |
_2eng _aeng |
||
| 082 | _aB335, J/SC | ||
| 100 |
_aLOVITT William vernon _9316877 |
||
| 245 | 0 | _aLinear integral equations. | |
| 260 |
_aNew York _bDover Publications Inc. _c1950 |
||
| 300 |
_aix,253p. _ccm. |
||
| 942 |
_hB335, J/SC _cGB _2CC |
||
| 999 |
_c623517 _d623517 |
||